Nikdy nebudem bohatý Dušan Jarjabek: Vila a golf ešte nerobia z ministra osobnosť

Bibliographic Details
Main Authors: Števko, Ľudovít, 1939-2025 (ain), Jarjabek, Dušan, 1953- (Author, uin)
Format: Article
Language:Slovak
Subjects:

MARC

LEADER 00000nab a2200000 a 4500
001 vtls000772787
003 SK-MaSNL
005 20260305002124.0
008 040806c2001 xo 0 slo
015 |a SNBRB2001/10-31073 
035 |a CLN000124574 
040 |a SNKBUCL  |b slo  |c SNKBUCL  |e AACR2 
041 0 |a slo 
044 |a xo  |c SK 
080 |a 008(437.6)  |2 UDC-MRF-SK2 
100 1 |a Števko, Ľudovít,  |d 1939-2025  |4 ain  |9 106971 
245 1 0 |a Nikdy nebudem bohatý  |b Dušan Jarjabek: Vila a golf ešte nerobia z ministra osobnosť  |c [zhováral sa] Ľudovít Števko 
600 1 7 |a Jarjabek, Dušan,  |d 1953-  |2 snkbucl  |9 119558 
650 0 7 |a kultúra  |z Slovensko  |x rozhovory  |2 snkbucl  |9 910707 
655 7 |a články z novín a časopisov  |2 snkbucl  |9 267496 
700 1 |a Jarjabek, Dušan,  |d 1953-  |4 aut  |4 uin  |9 119558 
773 0 |t Extra plus  |g Č. 29/30 (2001), s. 10 
850 |a Slovenská národná knižnica v Martine 
852 |a SNK  |b KIS3GCP 
999 |c 3223913  |d 3225843